Принципы законодательства. О влиянии условий времени и места на законодательства. Руководство по политической экономии; Жизнь и деятельность Бентама

Bibliografiske detaljer
Hovedforfatter: Бентам И. Иеремия
Sprog:russisk
Udgivet: Москва, [1896]
TOC:С. Раффалович, Жизнь и деятельность Бентама;
Serier:Библиотека экономистов. Редакция: М. Щепкин - И. Вернер
Fag:
Format: MixedMaterials Bog
KOHA link:https://koha.lib.tpu.ru/cgi-bin/koha/opac-detail.pl?biblionumber=340131

MARC

LEADER 00000nam0a2200000 4500
001 340131
005 20231102005215.0
035 |a (RuTPU)RU\TPU\book\366725 
090 |a 340131 
100 |a 20180219d k y0rusy50 ca 
101 1 |a rus 
102 |a RU 
105 |a c z 001zy 
200 1 |a Принципы законодательства. О влиянии условий времени и места на законодательства. Руководство по политической экономии  |f И. Бентам 
210 |a Москва  |d [1896] 
215 |a XLIII, 136 с.  |c портр. 
225 1 |a Библиотека экономистов. Редакция: М. Щепкин - И. Вернер 
320 |a Библиогр.: с. XLI 
464 |t Жизнь и деятельность Бентама  |f С. Раффалович 
512 1 |a Принципы законодательства 
600 1 |a Бентам  |b И.  |c английский философ, экономист, юрист  |f 1748-1832  |g Иеремия  |2 stltpush  |3 (RuTPU)RU\TPU\pers\10168  |9 2204 
606 |a Экономические учения  |x История  |2 stltpush  |3 (RuTPU)RU\TPU\subj\26611  |9 50501 
610 1 |a политические учения 
610 1 |a экономические учения 
610 1 |a 18 век 
610 1 |a законодательство 
610 1 |a законы 
686 |a У02  |v LBC/SL-A  |2 rubbk 
700 1 |a Бентам  |b И.  |c английский философ, экономист, юрист  |f 1748-1832  |g Иеремия  |2 stltpush  |3 (RuTPU)RU\TPU\pers\10168  |9 2204 
801 1 |a RU  |b 63413507  |c 20180219 
801 2 |a RU  |b 63413507  |c 20180219  |g RCR 
942 |c BK